Statistics for Family Members on Presidential Tickets

Click here to take the quiz!

General Stats

  • This quiz has been taken 12 times
    (7 since last reset)
  • The average score is 14 of 18

Answer Stats

Relationship Year On Ticket Family Member 1 Year On Ticket Family Member 2 % Correct
Father - Son1796, 1800John Adams1824, 1828John Quincy Adams
100%
Father - Son1980, 1984,
1988, 1992
George H.W. Bush2000, 2004George W. Bush
100%
Son - Father2000, 2004George W. Bush1980, 1984,
1988, 1992
George H.W. Bush
100%
Fifth Cousins1920, 1932,
1936, 1940,
1944
Franklin D. Roosevelt1900, 1904, 1912Theodore Roosevelt
100%
Nephew - Uncle1812DeWitt Clinton1804, 1808George Clinton
100%
Husband - Wife1992, 1996Bill Clinton2016Hillary Clinton
100%
Son - Father1824, 1828John Quincy Adams1796, 1800John Adams
100%
Fifth Cousins1900, 1904, 1912Theodore Roosevelt1920, 1932,
1936, 1940,
1944
Franklin D. Roosevelt
100%
Uncle - Nephew1804, 1808George Clinton1812DeWitt Clinton
100%
Wife - Husband2016Hillary Clinton1992, 1996Bill Clinton
100%
Grandson - Grandfather1888, 1892Benjamin Harrison1836, 1840William Henry Harrison
83%
Grandfather - Grandson1836, 1840William Henry Harrison1888, 1892Benjamin Harrison
83%
Brothers1796Thomas Pinckney1800, 1804, 1808Charles Pinckney
50%
Brothers1800, 1804, 1808Charles Pinckney1796Thomas Pinckney
50%
Grandfather - Grandson1892, 1900Adlai Stevenson I1952, 1956Adlai Stevenson II
50%
Grandson - Grandfather1952, 1956Adlai Stevenson II1892, 1900Adlai Stevenson I
50%
Brothers1896, 1900, 1908William Jennings Bryan1924Charles W. Bryan
33%
Brothers1924Charles W. Bryan1896, 1900, 1908William Jennings Bryan
33%

Score Distribution

Percentile by Number Answered

Percent of People with Each Score

Your Score History

You have not taken this quiz since the last reset